Πολυπολιτισμική πραγματικότητα : οι κοινωνιοψυχολογικοί προσδιορισμοί της πολιτισμικής πολλαπλότητας

Αποθηκεύτηκε σε:
Λεπτομέρειες βιβλιογραφικής εγγραφής
Κύριος συγγραφέας: Χρυσοχόου, Ξένια
Άλλοι συγγραφείς: Λέκκα, Άννα (trlf)
Μορφή: Βιβλίο
Γλώσσα:Greek
English
Δημοσίευση: Αθήνα : Πεδίο, 2011.
Σειρά:Κοινωνική ψυχολογία (Πεδίο (Εταιρεία))
Θέματα:
Ετικέτες: Προσθήκη ετικέτας
Δεν υπάρχουν, Καταχωρήστε ετικέτα πρώτοι!

MARC

LEADER 00000cam a2200000 i 4500
001 1/33573
008 130731s2011 gr | ||| |||| ||gre||
020 |a 9789609552530 
035 |l 10115117 
040 |a GR-MyUA  |b gre  |e AACR2 
041 1 |a gre  |h eng 
082 0 |a 306  |2 (22) 
100 1 |a Χρυσοχόου, Ξένια. 
245 1 0 |a Πολυπολιτισμική πραγματικότητα :   |b οι κοινωνιοψυχολογικοί προσδιορισμοί της πολιτισμικής πολλαπλότητας /   |c Ξένια Χρυσοχόου ; μετάφραση Φωτεινή Λέκκα.  
260 |a Αθήνα :   |b Πεδίο,   |c 2011.  
300 |a 412 σ. ;   |c 24 εκ.  
490 1 |a (Κοινωνική ψυχολογία / Πεδίο (Εταιρεία))  
500 |a Τίτλος πρωτοτύπου: Cultural diversity.  
504 |a Βιβλιογραφία: σ. 371-409.  
650 0 0 |a Social psychology. 
650 0 0 |a Multiculturalism. 
650 0 0 |a Cultural pluralism. 
650 0 0 |a Pluralism (Social sciences) 
700 1 |a Λέκκα, Άννα,  |e trlf 
830 0 |a Κοινωνική ψυχολογία (Πεδίο (Εταιρεία)) 
852 |a INST  |b LESVOS  |c EUDOXUS  |e 20190513  |h 306 ΧΡΥ  |p 005100061961  |q 005100061961  |t EDX  |y 0 
852 |a INST  |b RHODES  |e 20130731  |h 306 ΧΡΥ  |p 005400035466  |q 005400035466  |t BK  |y 0 
901 |a BIBL4-2013-2 
909 |a Ρ  |b 179566 
920 |a Εύδοξος  |b Παραγγελία  |y Λέσβος  |z 2019-05 
922 |a 4ΕΛΗ  |b 201307  |c ΤΑΚ/ΠΤΔΕ  |d Best Book Hunters 
970 |z 2013/07/31